| 000 | 00387nam a22001577a 4500 | ||
|---|---|---|---|
| 003 | CEME | ||
| 005 | 20210628203618.0 | ||
| 008 | 210317b xxu||||| |||| 00| 0 eng d | ||
| 040 | _c. | ||
| 082 | _a005.73 LIP | ||
| 100 |
_aS.Lipschutz _966541 |
||
| 245 | _aData structure (schaum outline theory and problems ) | ||
| 260 |
_aRAWALPINDI _bPDF _c1986 |
||
| 300 | _aPDF | ||
| 942 |
_cBK _2ddc |
||
| 999 |
_c574502 _d574502 |
||